Online
Catalog

Planificación de la empresa del futuro : (Record no. 18448)

MARC details
000 -CABECERA
campo de control de longitud fija 00739nam a2200205 a 4500
001 - NÚMERO DE CONTROL
campo de control 000018930
005 - FECHA Y HORA DE LA ÚLTIMA TRANSACCIÓN
campo de control 20250527113226.0
008 - DATOS DE LONGITUD FIJA--INFORMACIÓN GENERAL
campo de control de longitud fija 100520s1983 mx 000 0 spa d
020 ## - NÚMERO INTERNACIONAL ESTÁNDAR DEL LIBRO
Número Internacional Estándar del Libro 968181617X
040 ## - FUENTE DE LA CATALOGACIÓN
Centro catalogador/agencia de origen DO-SdBNP
Lengua de catalogación spa
Centro/agencia transcriptor BNPHU
082 ## - NÚMERO DE LA CLASIFICACIÓN DECIMAL DEWEY
Número de clasificación 658.4012
Número de documento/Ítem A182p
100 1# - ENTRADA PRINCIPAL--NOMBRE DE PERSONA
Nombre de persona Ackoff, Russell L.,
9 (RLIN) 40741
240 10 - TÍTULO UNIFORME
Título uniforme Creating the corporate future.
Lenguaje de la obra Español.
245 10 - MENCIÓN DE TÍTULO
Título Planificación de la empresa del futuro :
Resto del título planear o ser planeado /
Mención de responsabilidad, etc. Russell L. Ackoff ; traducción de Esteban Torres Alexander.
260 ## - PUBLICACIÓN, DISTRIBUCIÓN, ETC.
Lugar de publicación, distribución, etc. México :
Nombre del editor, distribuidor, etc. Limusa,
Fecha de publicación, distribución, etc. 1983.
300 ## - DESCRIPCIÓN FÍSICA
Extensión 357 p. :
Otras características físicas il., diag. ;
Dimensiones 24 cm.
650 #0 - PUNTO DE ACCESO ADICIONAL DE MATERIA--TÉRMINO DE MATERIA
Término de materia o nombre geográfico como elemento de entrada Administración industrial
9 (RLIN) 5872
650 #0 - PUNTO DE ACCESO ADICIONAL DE MATERIA--TÉRMINO DE MATERIA
Término de materia o nombre geográfico como elemento de entrada Política económica
9 (RLIN) 84931
700 1# - PUNTO DE ACCESO ADICIONAL--NOMBRE DE PERSONA
Nombre de persona Torres Alexander, Esteban,
Término indicativo de función/relación tr.
9 (RLIN) 40742
Holdings
Estado de retiro Estado de pérdida Restricciones de uso No para préstamo Código de colección Localización permanente Ubicación/localización actual Ubicación en estantería Fecha de adquisición Número de inventario Total de préstamos Signatura topográfica completa Código de barras Fecha visto por última vez Precio válido a partir de Tipo de ítem Koha Número de copia
      Excluido de préstamo Monografías: Libros y Folletos General General Depósito 20.05.2010 LF1   658.4012 A182p 18930-10 25.06.2020 25.06.2020 No se presta  
  Extraviado   Excluido de préstamo Monografías: Libros y Folletos General General Extraviado 03.04.2017 LF1   658.4012 A182p 18930-20 25.06.2020 25.06.2020 No se presta e. 2

Powered by Koha